[Event "Roncana op-C 10th"]
[Site "Santa Eulalia de Roncana"]
[Date "2016.11.05"]
[Round "6"]
[White "Escos Batalla, Victor"]
[Black "Carrasco Gomez, Adahara"]
[Result "0-1"]
[WhiteElo "1443"]
[BlackElo "1310"]
[PlyCount "58"]
[EventDate "2016.09.24"]
[EventType "swiss"]
[EventRounds "8"]
[EventCountry "ESP"]
[SourceTitle "EXT 2022"]
[Source "ChessBase"]
[SourceDate "2021.10.06"]
[SourceVersion "1"]
[SourceVersionDate "2021.10.06"]
[SourceQuality "1"]

1. e4 e5 2. Nf3 d6 3. d4 exd4 4. Nxd4 Nf6 5. Nc3 g6 6. Bg5 Bg7 7. f4 h6 8. e5 dxe5 9. fxe5 hxg5 10. exf6 Bxf6 11. Bc4 Bxd4 12. Qe2+ Be6 13. Bxe6 fxe6 14. Rf1 Bxc3+ 15. bxc3 Nc6 16. Qxe6+ Qe7 17. Qe2 Qxe2+ 18. Kxe2 0-0-0 19. Rf7 Rhe8+ 20. Kf2 Rf8 21. Rf3 Ne5 22. Kg3 Nxf3 23. Rf1 Ne5 24. h4 Rxf1 25. hxg5 Rd2 26. Kh4 Rxg2 27. Kh3 Rxg5 28. Kh2 Rf8 29. Kh3 Rh8# 0-1

[Event "Roncana op-C 9th"]
[Site "Santa Eulalia de Roncana"]
[Date "2015.10.03"]
[Round "1"]
[White "De Lomas Busquets, Alba"]
[Black "Escos Batalla, Victor"]
[Result "1-0"]
[WhiteElo "1706"]
[BlackElo "1440"]
[PlyCount "59"]
[EventDate "2015.10.03"]
[EventType "swiss"]
[EventRounds "8"]
[EventCountry "ESP"]
[SourceTitle "EXT 2017"]
[Source "ChessBase"]
[SourceDate "2016.10.25"]
[SourceVersion "1"]
[SourceVersionDate "2016.10.25"]
[SourceQuality "1"]

1. e4 e5 2. Nf3 Nc6 3. Bc4 Nf6 4. d3 Bc5 5. c3 0-0 6. 0-0 d6 7. b4 Be6 8. Bxe6 fxe6 9. bxc5 dxc5 10. Ba3 b6 11. Ng5 Qd6 12. Qb3 Rae8 13. c4 Qd4 14. Nd2 Qxa1 15. Rxa1 Nd4 16. Qd1 h6 17. Ngf3 b5 18. Nxe5 a5 19. cxb5 Nxb5 20. Bxc5 Rf7 21. Nxf7 Kxf7 22. e5 Nd7 23. Qf3+ Kg8 24. Qh5 Rd8 25. Be7 Rc8 26. Nf3 g5 27. Qg6+ Kh8 28. Qxh6+ Kg8 29. Nxg5 Nxe5 30. Qh7# 1-0